00518 2200229 4500001002100000005001500021008004100036035002000077082001000097084001600107100002000123245003000143260002300173650001200196650001400208990001100222990001100233990001100244990001100255990001100266990001100277INLIS00000000001562620221027030533221027 g 0 ind  a0010-0522001044 a663.9 a663.9 DIV a1 aDivantary, Reva1 aAneka Resep Kopi Maknyuss bPedar Kindy,c2016 4aMinuman 4aTeknologi a062041 a062042 a062043 a062044 a064604 a064605